000 00471nam a2200181Ia 4500
008 180921t1997 xxu||||| |||| 00| 0 sin d
041 _asin
080 _a64
_bDAY
100 _aDayarathna, Suranganee
245 _aළඳකට අත්වැලක්
246 _aLadakata ath vaelak
260 _bS. Godage
_aColombo
_c1997
300 _a304p., 22 cm
650 _aNutrition
_aLady
942 _cBK
999 _c14195
_d14195
003 LK-CoDNM
040 _aLK-CoDNM
_dLK-CoDNM
_eLK-CoDNM